Arrondissements (Bezirke) d'Hambourg - Statistiques

Statistiques générales
  • Ce quiz a été pris 11 fois
  • Le résultat moyen est 6 sur 7
Statistiques - réponses
Arrondissement Population en 2022 % Correct
Altona 280 034
100%
Hamburg-Mitte 307 677
89%
Harburg 174 369
89%
Bergedorf 132 901
78%
Wandsbek 453 086
78%
Hamburg-Nord 322 564
67%
Eimsbüttel 274 901
56%
Aucun quiz correspondant
Distribution des résultats
% des personnes avec chaque résultat
Percentile par nombre de réponses
Votre historique - résultats
Vous n’avez pas pris ce quiz